O energii, ako sa o nej nehovorí zvyšovanie cien musí byť transparentné, musí presvedčiť

Argumenty pre zvyšovanie cien elektrickej energie a pohonných hmôt. Štruktúra dodávateľov el. energie do slovenských domácností a typov elektrární podieľajúcich sa na dodávke. Finančná charakteristika Slovenských elektrární za roky 1993-97. Občania ako hlavná cieľová skupina postihnutá zvýšením cien...

Full description

Saved in:
Bibliographic Details
Main Author: Čelko, Ladislav
Format: Book Chapter
Language:Slovak
Subjects:
Tags: Add Tag
No Tags, Be the first to tag this record!

MARC

LEADER 00000naa a2200000 4500
001 r034152
005 20230824100341.5
041 0 |a slo 
044 |a SK 
245 1 0 |a O energii, ako sa o nej nehovorí  |b zvyšovanie cien musí byť transparentné, musí presvedčiť  |c Ladislav Čelko 
520 |a Argumenty pre zvyšovanie cien elektrickej energie a pohonných hmôt. Štruktúra dodávateľov el. energie do slovenských domácností a typov elektrární podieľajúcich sa na dodávke. Finančná charakteristika Slovenských elektrární za roky 1993-97. Občania ako hlavná cieľová skupina postihnutá zvýšením cien el. energie. Celosvetový pokles cien ropy a zvyšovanie spotrebnej dane na benzín u nás. Spory okolo dotácií na teplo. 
610 2 0 |a zvyšovanie cien 
610 2 0 |a energia 
610 2 0 |a elektrina 
610 2 0 |a výroba energie 
610 2 0 |a spotreba energie 
610 2 0 |a elektrárne 
610 2 0 |a Slovensko 
610 2 0 |a ropa 
610 2 0 |a benzín 
610 2 0 |a energia tepelná 
610 2 0 |a Slovenské elektrárne, a.s. Bratislava 
610 2 0 |a dotácie 
610 2 0 |a obyvateľstvo 
610 2 0 |a hmoty pohonné 
100 1 |a Čelko, Ladislav